|
|
|
|
| LEADER |
00649nam a22001817a 4500 |
| 008 |
160506b xxu||||| |||| 00| 0 mal d |
| 020 |
|
|
|c INR
|
| 082 |
|
|
|a 856.3
|
| 100 |
|
|
|a Vasudevan Nair, M.T.
|
| 245 |
|
|
|a Koodikkazcha :
|b abhimughangal /
|c M.T.Vasudevan Nair, Edited by Prathapan Thayat
|
| 260 |
|
|
|a Calicut :
|b Haritham books,
|c 2015.
|
| 300 |
|
|
|a 226 p. ;
|
| 650 |
|
|
|v Interviews
|x Malayalam
|
| 700 |
|
|
|a Prathapan Thayat
|e Editoer
|
| 942 |
|
|
|c BK
|
| 546 |
|
|
|a In malayalam
|
| 999 |
|
|
|c 285103
|d 285103
|
| 952 |
|
|
|0 0
|1 0
|4 0
|6 856_300000000000000_VAS_K
|7 0
|9 323504
|a FLK
|b FLK
|c ST1
|d 2016-05-06
|e BK
|g 190.00
|i 4753
|l 0
|o 856.3 VAS/K
|p FLK4753
|r 2016-05-06
|w 2016-05-06
|y BK
|